000 00314nam a22001337a 4500
008 170418b xxu||||| |||| 00| 0 eng d
020 _a0120912503
041 _aeng
080 _a579
100 _a11
101 _aSHM
245 _aTHE AEROBIC ENDOSPORE FOTMING BACTERIA
_cBERKELEY.R.C.W
942 _2udc
_cBK
999 _c10948
_d10948